Dinos - Quel est le son ? #2 - Statistiques

Statistiques générales
  • Ce quiz a été pris 11 fois
  • Le résultat moyen est 5 sur 36
Statistiques - réponses
Hint Réponse % Correct
Quand j'm'envole, j'vois les autres, quand j'me relis, j'vois mes fautes Césaire
43%
J'ai rangé toute ma peine sous la Northface Coeurjacking
43%
10 novembre 2015, j'étais au Bataclan, Young Thug ramenait Atlanta et trois jours après : un putain d'attentat Deïdo
43%
Ma daronne a peur des acteurs, ta daronne a peur des rappeurs Madone
43%
Move bitch, get out the way, move bitch, get out the way D BLOCK AFRIQUE (feat. Jolagreen23 & La Mano 1.9)
29%
Orange, c'est l'nouveau noir comme à l'époque de Taciturne GAÙCHO (feat. Tiakola)
29%
J'sais qu'tu m'regardes sans m'voir, j'sais qu'tu m'écoutes sans m'croire Memento interlude (feat. Charlotte Cardin)
29%
La plupart de mes proches sont en vie mais comme c'est des fils de putes, j'vis ma vie comme s'ils étaient morts N'Tiekar
29%
Ah bon, t'as les mêmes vœux que moi ? Serpentaire (feat. Lossapardo)
29%
Et c'est p't-être dommage, j'la facetime pour arrêter la guerre comme si j'étais Erdoğan AMARU
14%
J'sors des galeries, quatre ceintures noires comme si j'étais David Douillet Beuh et liqueurs (feat. Ateyaba)
14%
Il m'faut un clavier QWERTY et plus d'latence Booska Taciturne
14%
J'démarre, j'ai des gars qui ont vu Fleury Mérogis avant Châtelet les Halles Future Nostalgia (feat. Lous and The Yakuza)
14%
Loyer sur l'poignet, who the fuck is APL ? Iceberg slim
14%
Le bonheur c'est pas quand on peut, non, c'est quand on veut Je Wanda (feat. Tayc)
14%
J'ai l'sommeil léger mais j'en rêve encore, je n'dors que d'une seule oreille comme Van Gogh Les garçons ne pleurent pas (feat. Manu Dibango)
14%
Là où nous allons, les regrets sont inutiles comme les ceintures de sécurité dans l'avion Les pleurs du mâle
14%
Tu m'appelles, gros mais j'sais qu't'es pas comme moi, t'es rempli de : "Masha'Allah" mais j'sais qu't'es pas ccord-da Ma Baby (feat. SCH)
14%
J'ai perdu le Nord, j'ai fait tout c'que maman n'voulait pas que je fasse Prends soin de toi
14%
Tu lui dit qu'avant elle, t'as connu que cinq meufs, si tu lui disais le vrai chiffre, elle tomberait en syncope Quatre Saisons
14%
Et j'vois mon reflet dans une flaque d'eau, j'ressemble à ces gens que j'n'aime pas trop Retrograde
14%
Chez nous, on s'aime mais on s'aide pas, on parle comme des SEGPA Sagittaire
14%
J'envoie des S.O.S. comme Balavoine Spleen
14%
J'ai cherché le synonyme d'argent dans le dictionnaire j'ai trouvé "problèmes" 2014
0%
Aujourd'hui, j'ai plus de paires qu'la gosse de Rachida Dati Bloody Mary (feat. Youssoupha)
0%
Et puis, j'suis pas un rappeur, j'suis Dinos Punchlinovic Buzz l'éclair au chocolat (feat. Maud Elka)
0%
J'veux des Nike à volonté et passer mes nuits au grec Dans ma tête
0%
Le mec qui vient d'sortir du train a ton portefeuille dans la poche Destin commun (feat. Nemir)
0%
Violent comme Détroit, le pardon, c'est la meilleure des vengeances mais j'aime pas manger froid Équilibre (feat. Ali)
0%
Si les enfants des fumeurs fument, les enfants des trompeurs trompent INSECURE (feat. Zamdane)
0%
Sans musique, j'ai l'impression qu'mon coeur bat sans pouls L'alchimiste
0%
Posé contre un mur, j'regarde tout c'qui m'entoure comme si j'étais Mona Lisa Magenta
0%
Dans l'œil du cyclone, ils m'disent que l'savoir est une arme Paradis en fer
0%
J'suis un Shaolin, j'fais des shout in pas des shout out PAWG
0%
J'suis dans le désert à la recherche du marchand de sable Post Scriptum
0%
Toute la journée, j'gratte des vers comme une beurette dans une soirée Presque célèbre
0%
Aucun quiz correspondant
Distribution des résultats
% des personnes avec chaque résultat
Percentile par nombre de réponses
Votre historique - résultats
Vous n’avez pas pris ce quiz